000 00640cam a22002531 4500
001 sa 67006230
003 DLC
005 20260227112405.0
008 890705s1962 ii b 000 0 hino
010 _asa 67006230
035 _a(OCoLC)19964823
040 _aDLC
_cWaU
_dDLC
042 _apremarc
043 _aa-ii---
050 0 0 _aHN683
_b.U6
100 1 _aUpadhyay, Ramji,
_d1920-
245 1 0 _aBhārata kī sāmājika krānti.
260 _c[1962]
300 _a6, 107 p.
_c23 cm.
500 _aIn Hindi.
504 _aBibliographical footnotes.
650 0 _aWomen
_zIndia
_xHistory.
651 0 _aIndia
_xSocial conditions.
999 _c75783
_d75783